000 01561nam a2200241 a 4500
003 OSt
005 20201204125103.0
008 100909s2008 dr ad r 000 0 spa d
040 _aDO-SdBNP
_bspa
_cBNPHU
082 _a352.48
_bR426i 2008
_222
110 2 _aRepública Dominicana.
_bSecretaría de Estado de Hacienda.
_bOficina Nacional de Presupuesto.
_932266
245 1 0 _aInforme de ejecución presupuestaria año 2008 /
_cdirector nacional Luis A. Hernández
260 _aSanto Domingo :
_bSecretariado Técnico de la Presidencia,
_c2008
300 _a631 p. :
_bil., gráf. ;
_c28 cm.
505 0 _aAdministración central -- Informe sobre los ingresos -- Información sobre los egresos -- Gráficos sobre los gastos -- Ejecución del gasto consolidado por capitulo -- Sector descentralizado y autónomo -- Análisis comparativo de la ejecución presupuestaria del sector descentralizado y autónomo -- Ejecución de cada institución descentralizada o autónomo sector descentralizado y autónomo -- Instituciones de la seguridad social -- Instituciones descentralizadas del gobierno locales -- Empresas públicas no financieras -- Instituciones públicas financieras monetarias -- Instituciones públicas no monetarias.
590 _aInventariado, 2020/VM
650 4 _aPresupuesto
_zRepública Dominicana
_97940
650 4 _aHacienda pública
_zRepública Dominicana
_96562
650 4 _aRepública dominicana
_xGastos presupuestarios públicos
_y2007
_944960
700 1 _a Hernández, Luis A.
_edirec.
_93496
910 _aVMateo
942 _2ddc
_cLBS1
999 _c49245
_d49245